Missing Word: Greatest Guitarists Quiz Stats

 Plays Quiz Updated Apr 17, 2018

Challenge
Share
Tweet
Embed
Score 0/20 Timer 03:00
1 Play Today
Name Word % Correct
Jimi _______Hendrix
99%
____ ClaptonEric
98.7%
George ________Harrison
94%
B.B. ____King
93.3%
_____ BerryChuck
90.3%
__ DiddleyBo
89.1%
Keith ________Richards
88.7%
_____ PageJimmy
85.6%
____ YoungNeil
84.8%
_____ Van HalenEddie
84.3%
Name Word % Correct
______ SantanaCarlos
82.5%
Les ____Paul
74.6%
_____ GarciaJerry
73.5%
The ____Edge
68.6%
Jeff ____Beck
65.7%
Pete _________Townshend
65.4%
Brian ___May
63.7%
_____ YoungAngus
60.8%
Stevie Ray _______Vaughan
58.8%
_____ GilmourDavid
55.3%

Today's Daily Dose

Missing Word
Entertainment 'L'

Word Ladder
Fingers

Quick Pick
When in Rome

On This Day
December 15th II

You're not logged in!

Compare scores with friends on all Sporcle quizzes.
OR
Log In

You Might Also Like...

Show Comments

Extras

Top Quizzes Today


Score Distribution

Your Account Isn't Verified!

In order to create a playlist on Sporcle, you need to verify the email address you used during registration. Go to your Sporcle Settings to finish the process.

Report this User

Report this user for behavior that violates our Community Guidelines.

Details: